000 00756nam a2200229 a 4500
999 _c3266
_d3266
001 3266
003 BD-JhCC
005 20171112164107.0
008 171112s1985 bg |||| ||a| 000 0 ben d
035 _a(BD-JhCC)3266
040 _aBD-JhCC
_dBD-JhCC
041 _aben
082 _a338.63
_bSIR 1985
100 _aসিরাজুদ্দিন, মোহাম্মদ
245 _aকুটির শিল্প /
_cমোহাম্মদ সিরাজুদ্দিন
260 _aঢাকা :
_bবাংলা একাডেমী,
_c1985.
300 _a100 p. :
_c18 cm.
490 _aSeries in honour of the martyrs of the Language Movement of February 1952.
650 _aCottage Industry
942 _2ddc
_cBK